000 00929nmm a2200289 a 4500
001 ocm000608638
003 TR-IsHL
005 20201028130820.0
008 131010s2007 tu tur
007 cr cn
020 _a9789757726272
035 _a608638
_b(N$T)
050 0 4 _aH61
_b.W56 2007
090 0 4 _aH61
_b.W56 2007
100 1 _aWinch, Peter
245 1 0 _aSosyal bilim düşüncesi ve felsefe
_h[electronic resource] /
_cPeter Winch ; çev. Ömer Demir
250 _a2. bs.
260 _aAnkara :
_bVadi Yayınları,
_c2007
300 _a144 p.
650 4 _aFelsefe, Psikoloji ve Din
650 4 _aPhilosophy, Psychology and Religion
650 0 _aSosyal bilimler
_x Felsefe
650 0 _aSocial Sciences
_x Philosophy
650 7 _aSOCIAL SCIENCE / General
_2bisacsh
700 1 _aDemir, Ömer
856 4 0 _uhttp://search.ebscohost.com/login.aspx?direct=true&scope=site&db=e011xww&AN=608638
999 _c4225
_d4225